000 00291nam a22001337a 4500
008 170421b xxu||||| |||| 00| 0 eng d
020 _a0471034975
041 _aeng
080 _a573
100 _a11
101 _aSHM
245 _aGENERA OF THE EASTERN PLANTS
_cBATSON
942 _2udc
_cBK
999 _c11494
_d11494